| 000 | 00458nam a2200157Ia 4500 | ||
|---|---|---|---|
| 999 |
_c30272 _d30272 |
||
| 003 | OSt | ||
| 005 | 20211117143218.0 | ||
| 008 | 190216s9999||||xx |||||||||||||| ||und|| | ||
| 040 | _coclc | ||
| 082 |
_a894.812301 _bKER/I |
||
| 100 | _aRama Varier | ||
| 245 | 0 | _aIrayimman Thambiyude Aattakathakal / | |
| 260 |
_bKerala Sahitya Academy, _aThrissur: _c1970. |
||
| 300 | _a287p | ||
| 942 |
_cBK _2ddc _h894.812301 _iKER/I _k894.812301 _mKER/I |
||